000 00285nam a22001217a 4500
008 180205b xxu||||| |||| 00| 0 eng d
041 _aeng
080 _a33
100 _a59
101 _aBIS
245 _aSTRATEGIC PLANNING FOR SMALLER BUSINESSES
_cDAVID.A.C
942 _2udc
_cBK
999 _c41742
_d41742